Etica para Amador / (Registro nro. 7093)
[ vista simple ]
| 000 -LEADER | |
|---|---|
| fixed length control field | 00861nam a2200253 a 4500 |
| 001 - CONTROL NUMBER | |
| control field | 606014 |
| 003 - CONTROL NUMBER IDENTIFIER | |
| control field | OSt |
| 005 - DATE AND TIME OF LATEST TRANSACTION | |
| control field | 20210203104715.0 |
| 008 - FIXED-LENGTH DATA ELEMENTS--GENERAL INFORMATION | |
| fixed length control field | 910709s1991 sp 000 0 spa |
| 020 ## - INTERNATIONAL STANDARD BOOK NUMBER | |
| International Standard Book Number | 8434410994 |
| 040 ## - CATALOGING SOURCE | |
| Original cataloging agency | DLC |
| Transcribing agency | CO-JMCR |
| 041 0# - LANGUAGE CODE | |
| Language code of text/sound track or separate title | spa |
| 082 04 - DEWEY DECIMAL CLASSIFICATION NUMBER | |
| Classification number | 170 / |
| Item number | S266e |
| Edition number | 23 |
| 100 1# - MAIN ENTRY--PERSONAL NAME | |
| Personal name | Savater, Fernando. |
| Relator term | autor |
| 9 (RLIN) | 9817 |
| 245 10 - TITLE STATEMENT | |
| Title | Etica para Amador / |
| Statement of responsibility, etc. | Fernando Savater. |
| 260 ## - PUBLICATION, DISTRIBUTION, ETC. | |
| Place of publication, distribution, etc. | Barcelona : |
| Name of publisher, distributor, etc. | Ariel, |
| Date of publication, distribution, etc. | 1991. |
| 300 ## - PHYSICAL DESCRIPTION | |
| Extent | 189 páginas ; |
| Dimensions | 20 cm. |
| 490 0# - SERIES STATEMENT | |
| Series statement | Ariel ; |
| Volume/sequential designation | 101 |
| 505 0# - FORMATTED CONTENTS NOTE | |
| Formatted contents note | De que va la ética -- Órdenes, costumbres y caprichos -- Haz lo que quieras -- Date la buena vida -- ¡Despierta, baby! -- Aparece pepito grillo -- Ponte en su lugar -- Tanto gusto -- Elecciones generales |
| 650 24 - SUBJECT ADDED ENTRY--TOPICAL TERM | |
| Topical term or geographic name entry element | Ética |
| 9 (RLIN) | 12985 |
| 650 24 - SUBJECT ADDED ENTRY--TOPICAL TERM | |
| Topical term or geographic name entry element | Moralidad |
| General subdivision | ética |
| 9 (RLIN) | 12986 |
| 650 24 - SUBJECT ADDED ENTRY--TOPICAL TERM | |
| Topical term or geographic name entry element | Amor propio |
| General subdivision | ética |
| 9 (RLIN) | 12987 |
| 942 ## - ADDED ENTRY ELEMENTS (KOHA) | |
| Source of classification or shelving scheme | Dewey Decimal Classification |
| Koha item type | Books |
| Withdrawn status | Lost status | Source of classification or shelving scheme | Damaged status | Not for loan | Home library | Current library | Shelving location | Date acquired | Source of acquisition | Total Checkouts | Total Renewals | Full call number | Barcode | Date last seen | Date last checked out | Copy number | Price effective from | Koha item type |
|---|---|---|---|---|---|---|---|---|---|---|---|---|---|---|---|---|---|---|
| Dewey Decimal Classification | Biblioteca Pública José María del Castillo y Rada | Biblioteca Pública José María del Castillo y Rada | General Stacks | 10/02/2020 | Donación | 7 | 6 | 170 / S266e | 201810127 | 04/09/2026 | 03/06/2026 | Ej.1 | 10/02/2020 | Books |